Zoo Animals by Picture - Statistics

General Stats
  • This quiz has been taken 780 times
  • The average score is 11 of 15
Answer Stats
Picture Answer % Correct
Lion
99%
Tiger
98%
Elephant
93%
Giraffe
93%
Zebra
93%
Goat
92%
Peacock
91%
Lemur
85%
Emu
81%
Meerkat
81%
Puffin
69%
Macaw
65%
Boa constrictor
57%
Prairie dog
36%
Mockingbird
13%
No matching quizzes found
Score Distribution
Percent of People with Each Score
Percentile by Number Answered
Your Score History
You have not taken this quiz